[Event "HCL-A2641"]
[Site "www.playchess.de"]
[Date "2006.03.18"]
[Round "8"]
[White "scaper"]
[Black "maus"]
[WhiteElo "1528"]
[BlackElo "1413"]
[PlyCount "85"]
[Result "1-0"]

1.d4 d5 2.e4 dxe4 3.f3 Nf6 4.Nc3 exf3 5.Nxf3 Bg4 
6.Bc4 e6 7.O-O Bd6 8.Be2 Bxf3 9.Bxf3 c6 10.Bg5 Qc7 
11.h3 Nbd7 12.Ne4 Bh2+ 13.Kh1 O-O 14.Bxf6 Nxf6 
15.Nxf6+ gxf6 16.c3 Kh8 17.g4 Rfg8 18.Be4 Bf4 
19.Qf3 e5 20.Rad1 Rg5 21.d5 cxd5 22.Rxd5 Qc4 23.b3 
Qa6 24.a4 Rb8 25.Rfd1 Qe6 26.c4 f5 27.Bxf5 Rxf5 
28.R5d8+ Rxd8 29.Rxd8+ Kg7 30.gxf5 Qxf5 31.Qg4+ 
{;-)}  Qxg4 {yes}  32.hxg4 a5 33.Rb8 e4 34.Rxb7 e3 
35.Kg2 Kg6 36.Kf3 Bg5 37.Rb6+ Kg7 38.b4 axb4 
39.Rxb4 Kg6 40.a5 h5 41.gxh5+ Kxh5 42.Rb5 Kh4 
43.Rxg5 1-0

[Event "ACL-E216"]
[Site "www.playchess.de"]
[Date "2006.03.18"]
[Round "8"]
[White "chessnuts"]
[Black "marietto"]
[WhiteElo "1916"]
[BlackElo "1715"]
[PlyCount "99"]
[Result "1-0"]

1.d4 {Hi!...good game and fun}  Nf6 {hi, good 
game}  2.c4 g6 3.Nc3 Bg7 4.e4 d6 5.Nf3 O-O 6.Be2 
e5 7.O-O Nbd7 8.Be3 a5 9.Qc2 Ng4 10.Bg5 f6 11.Bh4 
g5 12.Bg3 Nh6 13.Nb5 exd4 14.Nbxd4 Nc5 15.Nf5 Nxf5 
16.exf5 Re8 17.Nd4 Ne4 18.Rae1 Nxg3 19.hxg3 Qd7 
20.Bh5 Re7 21.Qc3 Bf8 22.Ne6 Bg7 23.Nxc7 Qxc7 
24.Rxe7 Qxe7 25.Re1 Qd7 26.Re8+ Qxe8 27.Bxe8 Bxf5 
28.Bb5 Bb1 29.Qf3 Rb8 30.Qd5+ Kh8 31.Qxd6 Rg8 
32.a3 g4 33.Qe7 f5 34.b3 Be4 35.Bd7 Rf8 36.Be6 Bc6 
37.Qc5 a4 38.b4 Be4 39.Bd5 Re8 40.Qa7 Bxd5 41.cxd5 
h6 42.Qxa4 Rd8 43.Qb5 b6 44.Qc6 Kh7 45.a4 h5 46.d6 
Bf6 47.a5 bxa5 48.bxa5 h4 49.gxh4 g3 
50.a6 1-0

[Event "HCL-C4116"]
[Site "www.playchess.de"]
[Date "2006.03.18"]
[Round "6"]
[White "surak"]
[Black "Johan"]
[WhiteElo "1118"]
[BlackElo "1163"]
[PlyCount "33"]
[Result "1-0"]

1.e4 e5 {Good luck!}  2.Nf3 {Hi! I have the same 
wish for you! MABUHAY!}  Bd6 3.Nc3 Nf6 4.Bc4 h6 
5.O-O Nc6 6.d3 Bc5 7.a3 O-O 8.Nd5 Nd4 9.Nxf6+ Qxf6 
10.Nxd4 exd4 11.c3 dxc3 12.bxc3 Qxc3 13.Bd2 Qe5 
14.Be3 Bd6 15.f4 Qc3 16.e5 Bxa3 
17.Bd2 1-0

[Event "HCL-A2628"]
[Site "www.playchess.de"]
[Date "2006.03.18"]
[Round "9"]
[White "maus"]
[Black "victorabiodun03"]
[WhiteElo "1382"]
[BlackElo "1576"]
[PlyCount "84"]
[Result "0-1"]

1.e4 e6 2.e5 d5 3.d4 c5 4.Nf3 Qb6 5.Be3 cxd4 
6.Bxd4 Bc5 7.b3 Bxd4 8.Nxd4 Ne7 9.Bb5+ Bd7 10.Nc3 
O-O 11.O-O Ng6 12.Re1 Nc6 13.Bxc6 bxc6 14.a4 Qb4 
15.Na2 Qb8 16.Nf3 c5 17.c3 Qb7 18.Nc1 Bc6 19.Re3 
Rad8 20.Ne2 Rdb8 21.Rb1 Bxa4 22.Nd2 Bc6 23.Nf3 d4 
24.cxd4 Bxf3 25.Rxf3 cxd4 26.Qxd4 Rbd8 27.Qc3 Rdc8 
28.Qe3 {(offering draw)}  Nh4 29.Rg3 Nf5 30.Qf3 
Rcb8 31.Rh3 Qxf3 32.Rxf3 {(offering draw)}  Rfd8 
33.Nc3 Rb4 34.h3 Kf8 35.g4 Nd4 36.Rf4 a5 37.Kg2 
Rc8 38.Na2 Rxb3 39.Rxb3 Nxb3 40.Ra4 Rc5 41.Ra3 Nd4 
42.Rd3 Nc6 0-1

[Event "HCL-A2629"]
[Site "www.playchess.de"]
[Date "2006.03.18"]
[Round "29"]
[White "nico21"]
[Black "victorabiodun03"]
[WhiteElo "1513"]
[BlackElo "1596"]
[PlyCount "46"]
[Result "1/2-1/2"]

1.d4 Nf6 2.c4 g6 3.Nc3 Bg7 4.e4 d6 5.Nf3 O-O 6.Be2 
e5 7.d5 Nbd7 8.Be3 Ne8 9.O-O f5 10.Qc2 f4 11.Bc1 
g5 12.h3 h5 13.Nh2 Ndf6 14.Qd1 h4 15.Nf3 Bh6 
16.Nh2 Ng7 17.Ng4 Nxg4 18.Bxg4 a6 19.Bxc8 Qxc8 
20.f3 Nh5 21.Ne2 Ng3 22.Nxg3 hxg3 23.b3 Qd7 
{(offering draw)}  1/2-1/2

[Event "HCL-A2652"]
[Site "www.playchess.de"]
[Date "2006.03.18"]
[Round "4"]
[White "deepgreen"]
[Black "wbaldan"]
[WhiteElo "1700"]
[BlackElo "1702"]
[PlyCount "47"]
[Result "1-0"]

1.e4 e5 2.c4 Nf6 3.d3 Bc5 4.Nc3 d6 5.h3 Nc6 6.Nf3 
h6 7.g3 Be6 8.Bg2 Qd7 9.a3 O-O-O 10.b4 Bd4 11.Bd2 
g5 12.Nxd4 Nxd4 13.a4 Rdf8 14.Nb5 Kb8 15.Be3 c5 
16.Rb1 Nh7 17.bxc5 dxc5 18.Bxd4 exd4 19.Qb3 b6 
20.a5 f5 21.axb6 a6 22.Nc7 fxe4 23.Nxa6+ Kb7 
24.Nxc5+ 1-0

[Event "ACL-T170"]
[Site "www.playchess.de"]
[Date "2006.03.18"]
[Round "4"]
[White "lostpawn2000"]
[Black "reddog"]
[WhiteElo "1249"]
[BlackElo "1141"]
[PlyCount "54"]
[Result "0-1"]

1.d4 d5 2.c4 e6 3.Nf3 Nf6 4.cxd5 Bb4+ 5.Bd2 Bxd2+ 
6.Nbxd2 exd5 7.e3 O-O 8.Bd3 Nc6 9.O-O Qe7 10.Re1 
Nb4 11.Bb1 Bg4 12.a3 Nc6 13.h3 Bh5 14.b4 Ne4 
15.Qc2 Bxf3 16.Nxf3 a6 17.Nd2 Rfe8 18.f3 Qh4 
19.Re2 Nxd2 20.Qxd2 Nxd4 21.exd4 Rxe2 22.Qxe2 
Qxd4+ 23.Kf1 Qxa1 24.Qc2 g6 25.Kg1 Re8 26.Kh2 Qe5+ 
27.g3 Qe1 0-1

[Event "HCL-T259"]
[Site "www.playchess.de"]
[Date "2006.03.18"]
[Round "10"]
[White "marceli"]
[Black "lostpawn2000"]
[WhiteElo "1833"]
[BlackElo "1182"]
[PlyCount "49"]
[Result "1-0"]

1.d4 Nf6 2.c4 c5 3.d5 e6 4.Nf3 exd5 5.cxd5 d6 
6.Nc3 g6 7.e4 Bg7 8.Bb5+ Bd7 9.Bxd7+ Nbxd7 10.Bf4 
O-O 11.O-O Re8 12.Re1 Qc7 13.Nb5 Qb6 14.Nxd6 Red8 
15.Nc4 Qb4 16.Qc2 b5 17.Nce5 Rac8 18.Nc6 Qa5 
19.Nxa5 Ng4 20.Nc6 Rde8 21.Nxa7 Rcb8 22.Bxb8 Rxb8 
23.Nc6 Re8 24.a4 Ndf6 25.axb5 1-0

[Event "HCL-E1591"]
[Site "www.playchess.de"]
[Date "2006.03.18"]
[Round "10"]
[White "Maahinen"]
[Black "Duffy"]
[WhiteElo "1736"]
[BlackElo "1623"]
[PlyCount "81"]
[Result "1-0"]

1.d4 d5 2.c4 e6 3.Nc3 c5 4.cxd5 exd5 5.Nf3 Nc6 
6.g3 Nf6 {Nice job in the olympics for Canada this 
time}  7.Bg2 {yes the teams did well except for 
hockey that is}  Be7 {most of our "big names" 
flopped, it was the unkowns who helped us win some 
medals.}  8.O-O {well apollo did fine on the short 
track!}  O-O {true, the talk sports shows are 
ripping Bode Miller and others for their 
performances}  9.Bg5 {That Miller seems to be an 
odd sort!}  cxd4 {Agreed,talking about greed, one 
medal, and Miller could have had all kinds of 
endorsement contracts}  10.Nxd4 {He is a strange 
guy. The girl who won 5 medals for canada will 
have lots of them}  h6 {Don't be surprised if 
Miller ends up dating her!}  11.Be3 {LOL! Good 
one!}  Re8 12.Rc1 Bf8 13.Nxc6 bxc6 14.Na4 Bd7 
15.Bc5 Bxc5 16.Nxc5 Bg4 17.Re1 Rb8 18.Qd2 Nd7 
19.Nxd7 Qxd7 20.b3 Bf5 21.e4 dxe4 22.Qxd7 Bxd7 
23.Rxe4 Rxe4 24.Bxe4 Re8 25.Bf3 Kf8 26.b4 a6 {We 
spent the weekend square dancing in Burlington,VT. 
Danced with several couples from Canada. The 
Canadian National Conv. is in Montreal, at McGill 
col. in July}  27.h4 {cool sounds like fun}  Rb8 
28.a3 Ke7 29.Bxc6 Be6 30.Bg2 Rb6 31.f4 Rd6 32.Bf1 
Kf6 33.Rc5 Rd1 34.Kf2 Rd6 35.Ke3 g6 36.a4 Bd7 
37.a5 Re6+ 38.Kd4 h5 39.Bc4 Rd6+ 40.Rd5 Rxd5+ 
41.Kxd5 1-0

[Event "HCL-M875"]
[Site "www.playchess.de"]
[Date "2006.03.18"]
[Round "10"]
[White "dzwonek"]
[Black "ppicollo"]
[WhiteElo "1991"]
[BlackElo "1779"]
[PlyCount "57"]
[Result "1-0"]

1.d4 {Greetings from Poland!!!}  d5 {Hello from 
Buenos Aires}  2.c4 e6 3.Nc3 c5 4.e3 Nc6 5.cxd5 
exd5 6.Nf3 Nf6 7.Be2 Be7 8.O-O O-O 9.dxc5 Bxc5 
10.b3 h6 11.Bb2 Be6 12.Na4 Be7 13.Nd4 Nxd4 14.Qxd4 
b6 15.Rac1 Qd7 16.Nc3 a6 17.Na4 Qb7 18.Qxb6 Qxb6 
19.Nxb6 Rab8 20.Bd4 a5 21.Rc6 Rfd8 22.Rfc1 Nd7 
23.Bf3 Nf6 24.Be5 Rb7 25.Bc7 Re8 26.Rd1 Bd8 
27.Bxd8 Rxd8 28.e4 g5 29.exd5 1-0

[Event "HCL-A2622"]
[Site "www.playchess.de"]
[Date "2006.03.18"]
[Round "4"]
[White "schlueter"]
[Black "sundfar"]
[WhiteElo "1597"]
[BlackElo "1365"]
[PlyCount "39"]
[Result "1-0"]

1.e4 e5 2.f4 exf4 3.Nf3 Nf6 4.Nc3 d6 5.d4 g6 
6.Bxf4 Bg7 7.Bc4 O-O 8.O-O Bg4 9.Qd3 Nc6 10.Rae1 
Nb4 11.Qd2 a5 12.a3 Nc6 13.h3 Bd7 14.e5 dxe5 
15.Nxe5 Nxe5 16.Bxe5 Re8 17.Qf2 Bf5 18.g4 Nxg4 
19.hxg4 Qg5 20.Qf4 1-0

[Event "HCL-E1595"]
[Site "www.playchess.de"]
[Date "2006.03.18"]
[Round "19"]
[White "Niedermayr"]
[Black "Widukind"]
[WhiteElo "1909"]
[BlackElo "1847"]
[PlyCount "84"]
[Result "1/2-1/2"]

1.Nf3 {schönes spiel}  d5 {Hallo Niedermayr, viele 
Grüße aus Deutschland!}  2.b3 Bg4 3.e3 e6 4.Bb2 
Nf6 5.Be2 Bd6 6.Ne5 Bxe2 7.Qxe2 Bxe5 8.Bxe5 Nbd7 
9.Bb2 O-O 10.f4 a6 11.a4 Re8 12.O-O c6 13.d3 e5 
14.fxe5 Nxe5 15.Bd4 Qd6 16.h3 Re6 17.Nd2 Rae8 
18.Qf2 c5 19.Bxe5 Qxe5 20.e4 Qc7 21.Rae1 dxe4 
22.Nxe4 Nxe4 23.Rxe4 R6xe4 24.dxe4 Rxe4 25.Re1 
Rxe1+ {Ich bin mal gespannt, ob der Bauer reicht, 
zumindest wird er das Spiel für mich etwas 
erleichtern!}  26.Qxe1 g6 27.Qe4 {Du hast 
recht-nach der verkorksten Eröffnung wird es für 
mich ein mühsamer Überlebenskampf}  h5 28.Qe8+ Kg7 
29.Qe4 Kf8 30.Qd5 Ke8 31.Kh1 Qe7 32.Kh2 h4 33.Kh1 
g5 34.Qf5 Kd8 35.Qd5+ Kc7 36.Qf5 f6 37.Qd3 Qe1+ 
38.Kh2 Qe5+ 39.Kh1 f5 40.Qc4 Qe7 41.Qd5 f4 42.Qf5 
Qe1+ {(offering draw) Schade...! Du wirst wohl 
keinen Fehler mehr machen und da es dir gelingt 
das Feld f3 mit der Dame zu überdecken sehe ich 
keine risikolose  Gewinnmöglichkeit mehr. Tschüß 
und weiterhin viel Glück!}  1/2-1/2

[Event "HCL-B3881"]
[Site "www.playchess.de"]
[Date "2006.03.18"]
[Round "16"]
[White "WStanEvans"]
[Black "PANDURANGAIAH"]
[WhiteElo "1386"]
[BlackElo "1011"]
[PlyCount "38"]
[Result "0-1"]

1.e4 e5 2.f4 exf4 3.Bc4 d6 4.Nc3 Be6 5.Bxe6 fxe6 
6.Nf3 e5 7.d4 Nc6 8.dxe5 dxe5 9.Qxd8+ Rxd8 10.O-O 
Bc5+ 11.Kh1 Nf6 12.Nxe5 Nxe5 13.Bxf4 Bd6 14.Rad1 
O-O 15.h3 Nc4 16.Bxd6 cxd6 17.b3 Ne3 18.Rxf6 Nxd1 
19.Rxf8+ Rxf8 0-1

[Event "HCL-C4229"]
[Site "www.playchess.de"]
[Date "2006.03.18"]
[Round "9"]
[White "gronico"]
[Black "Iron_Flower"]
[WhiteElo "1220"]
[BlackElo "1234"]
[PlyCount "21"]
[Result "1/2-1/2"]

1.e4 d5 {HI, from Leeuwarden, the Netherlands}  
2.exd5 Qxd5 3.Nc3 {hi ! i'm from st maarten...}  
Qa5 4.Nf3 Nf6 5.Bc4 Bg4 6.h3 Bh5 7.d3 c6 8.Bd2 Qc7 
9.O-O e6 10.Bg5 Be7 11.Re1 {(offering draw)} 
 1/2-1/2

[Event "HCL-A2635"]
[Site "www.playchess.de"]
[Date "2006.03.18"]
[Round "4"]
[White "victorabiodun03"]
[Black "Rale"]
[WhiteElo "1583"]
[BlackElo "1906"]
[PlyCount "65"]
[Result "1/2-1/2"]

1.e4 e6 2.d4 Nf6 3.Nd2 b6 4.Ngf3 Bb7 5.Bd3 Nc6 
6.c3 d6 7.O-O h6 8.Re1 Nd7 9.Nf1 Be7 10.Ng3 Nf8 
11.Bc2 g5 12.Be3 g4 13.Nd2 h5 14.d5 Ne5 15.c4 h4 
16.Ngf1 Nfg6 17.f4 gxf3 18.Nxf3 Nxf3+ 19.Qxf3 e5 
20.Ba4+ Kf8 21.Nd2 Bg5 22.Ref1 Bxe3+ 23.Qxe3 Nf4 
24.Rf3 Rg8 25.Rf2 Bc8 26.Kh1 Qg5 27.Nf3 Qg4 28.Rg1 
Nh5 29.Qh6+ Ke7 30.Rgf1 f5 31.Bd1 Rg6 32.Qh7+ Rg7 
33.Qh6 {(offering draw)}  1/2-1/2

[Event "HCL-B3907"]
[Site "www.playchess.de"]
[Date "2006.03.18"]
[Round "21"]
[White "Absoluter_Beginner"]
[Black "dg"]
[WhiteElo "1721"]
[BlackElo "1243"]
[PlyCount "83"]
[Result "1-0"]

1.c4 e5 2.Nc3 d6 3.g3 Nf6 4.Bg2 h6 5.e3 Be7 6.Nge2 
O-O 7.O-O b6 8.Bxa8 c6 {i dont what happend i 
dident maket that move}  9.Qa4 {that's not my 
fault}  Qc7 10.d4 Bh3 11.d5 Bxf1 12.Kxf1 Rc8 13.b4 
Ng4 14.b5 Nd7 15.Bxc6 Nxh2+ 16.Kg2 Nc5 17.Qc2 Ng4 
18.Ne4 Nxe4 19.Qxe4 Nf6 20.Qf3 e4 21.Qf4 Nh5 
22.Qxe4 Nf6 23.Qf3 Nh7 24.Bb2 Ng5 25.Qg4 f6 26.Nf4 
Rb8 27.Ne6 Nxe6 28.Qxe6+ Kh8 29.Rh1 Qd8 30.e4 Kh7 
31.Bc1 Qf8 32.Qd7 g5 33.Qxa7 Kg6 34.Qd7 Rd8 
35.Qf5+ Kg7 36.Be3 Rb8 37.Bd4 Bd8 38.Qd7+ Kg6 
39.Qa7 Be7 40.Bxb6 h5 41.Bc7 Rc8 
42.b6 1-0

[Event "HCL-E1589"]
[Site "www.playchess.de"]
[Date "2006.03.18"]
[Round "10"]
[White "James_HH"]
[Black "Ezechiel"]
[WhiteElo "1601"]
[BlackElo "1766"]
[PlyCount "26"]
[Result "0-1"]

1.e4 {Hi. Good Luck.}  c5 {Hi James, you play 
white this time - let's see ... have fun!!}  2.Nf3 
Nc6 3.d4 cxd4 4.Nxd4 Nxd4 5.Qxd4 e6 6.Nc3 Ne7 
7.Bc4 b6 8.Bf4 Nc6 9.Qe3 e5 10.Bg3 Bc5 11.Qd2 O-O 
12.O-O-O d6 13.Nb5 Nd4 0-1

[Event "HCL-E1589"]
[Site "www.playchess.de"]
[Date "2006.03.18"]
[Round "4"]
[White "Siggi"]
[Black "James_HH"]
[WhiteElo "1924"]
[BlackElo "1601"]
[PlyCount "27"]
[Result "1-0"]

1.d4 d5 {Hi. Good luck.}  2.c4 {good luck to you 
too}  dxc4 3.Nf3 Nf6 4.e3 e6 5.Bxc4 c5 6.O-O a6 
7.a4 Nc6 8.Qe2 cxd4 9.exd4 Nxd4 10.Nxd4 Qxd4 
11.Nc3 Be7 12.Rd1 Qh4 13.Be3 Ng4 
14.Bf4 1-0

[Event "HCL-E1589"]
[Site "www.playchess.de"]
[Date "2006.03.18"]
[Round "5"]
[White "James_HH"]
[Black "hakam_kilani"]
[WhiteElo "1601"]
[BlackElo "1689"]
[PlyCount "32"]
[Result "0-1"]

1.c4 {Hello and good luck.}  Nf6 2.d4 d5 3.cxd5 
Nxd5 4.e4 Nb6 5.Nc3 Nc6 6.Be3 g6 7.h3 Bg7 8.Nf3 
O-O 9.Be2 Nd7 10.O-O a6 11.Rc1 e5 12.d5 Ne7 13.h4 
f5 14.Bc4 Kh8 15.Ng5 Nf6 16.d6 
cxd6 0-1

[Event "HCL-B3860"]
[Site "www.playchess.de"]
[Date "2006.03.18"]
[Round "14"]
[White "Saladin"]
[Black "vaidasmp"]
[WhiteElo "1328"]
[BlackElo "1200"]
[PlyCount "88"]
[Result "0-1"]

1.e3 {Good game...}  e5 {You too}  2.d4 exd4 
3.Qxd4 d6 4.Nc3 Nc6 5.Bb5 Bd7 6.Bxc6 Bxc6 7.f3 Nf6 
8.Nh3 Be7 9.Nf4 a6 10.Ncd5 Nxd5 11.Nxd5 Bxd5 
12.Qxd5 c6 13.Qd4 O-O 14.Bd2 Bf6 15.Qb4 b5 16.c3 
Re8 17.O-O a5 18.Qg4 b4 19.Rac1 bxc3 20.Bxc3 Rxe3 
21.Bxf6 Qxf6 22.Rxc6 Ree8 23.Rb1 Qe5 24.Qe4 Qb5 
25.Qc4 Qe5 26.Rc1 h6 27.b3 d5 28.Qc5 Rad8 29.Qxa5 
Qe3+ 30.Kh1 d4 31.R6c4 d3 32.Qc3 Qe2 33.Rg4 g5 
34.Re4 Rxe4 35.fxe4 d2 36.h3 d1Q+ 37.Rxd1 Qxd1+ 
38.Kh2 Qd6+ 39.e5 Qb8 40.g3 Re8 41.a4 Rxe5 42.b4 
Re2+ 43.Kg1 Qa7+ 44.Kh1 Qb7+ 0-1

[Event "HCL-C4192"]
[Site "www.playchess.de"]
[Date "2006.03.18"]
[Round "5"]
[White "Milosforman"]
[Black "Henri"]
[WhiteElo "1022"]
[BlackElo "716"]
[PlyCount "51"]
[Result "1-0"]

1.d4 d5 {Bonjour et Bonne Partie}  2.Nc3 Nf6 3.e3 
Nc6 4.Bb5 Bd7 5.Bxc6 Bxc6 6.Nf3 e6 7.h3 h6 8.O-O 
Bd6 9.Ne5 O-O 10.Nxc6 bxc6 11.f4 Ne4 12.Nxe4 dxe4 
13.c4 c5 14.d5 e5 15.f5 f6 16.a3 a5 17.Bd2 Ra6 
18.Qc2 c6 19.dxc6 Rxc6 20.Qa4 Ra6 21.b4 cxb4 
22.axb4 axb4 23.Qxa6 Qc7 24.Qb5 Bc5 25.Bxb4 Bxb4 
26.Qxb4 1-0

[Event "HCL-B3785"]
[Site "www.playchess.de"]
[Date "2006.03.18"]
[Round "7"]
[White "ulibear"]
[Black "handrej68"]
[WhiteElo "1302"]
[BlackElo "1437"]
[PlyCount "74"]
[Result "0-1"]

1.d4 {Happy New Year and best of luck!}  d5 
{auguri da milano, italy}  2.c4 {sorry, didn't get 
your Italian meaning :-)}  e6 3.cxd5 exd5 4.Nc3 
Nf6 5.Bg5 Be7 6.e3 O-O 7.Bd3 c6 8.Nge2 Nbd7 9.O-O 
Ng4 10.Bxe7 Qxe7 11.h3 Nh6 12.e4 dxe4 13.Nxe4 Nf6 
14.N4g3 Nd5 15.Bc4 Qh4 16.Rc1 Bxh3 17.Bxd5 Bxg2 
18.Kxg2 cxd5 19.Rh1 Qg4 20.Nc3 Qd7 21.Qf3 Rfd8 
22.Rh5 Qg4 23.Qxg4 Nxg4 24.Rxd5 Rxd5 25.Nxd5 Rd8 
26.f3 Nh6 27.Ne7+ Kf8 28.Nef5 Nxf5 29.Nxf5 g6 
30.Nh6 Kg7 31.Ng4 Rxd4 32.Kg3 Rd2 33.Rb1 f5 34.Ne5 
Kf6 35.Nc4 Rd4 36.b3 g5 37.Ne3 
f4+ 0-1

[Event "HCL-E1598"]
[Site "www.playchess.de"]
[Date "2006.03.18"]
[Round "15"]
[White "Josef"]
[Black "Tarrega"]
[WhiteElo "1609"]
[BlackElo "1779"]
[PlyCount "42"]
[Result "0-1"]

1.d4 f5 2.c4 Nf6 3.Nc3 d6 4.Nf3 g6 5.g3 Bg7 6.Bg2 
O-O 7.O-O Qe8 8.d5 a5 9.Qd3 Na6 10.a3 Nc5 11.Qc2 
e5 12.dxe6 Bxe6 13.Nb5 Qe7 14.Bg5 h6 15.Be3 a4 
16.Nfd4 Bf7 17.Rfd1 Ng4 18.Bc1 c6 19.Nc3 Bxd4 
20.Rxd4 Nb3 21.Rxg4 Nxa1 0-1

[Event "HCL-E1567"]
[Site "www.playchess.de"]
[Date "2006.03.18"]
[Round "1"]
[White "Baldrick"]
[Black "Matu"]
[WhiteElo "1723"]
[BlackElo "1511"]
[PlyCount "93"]
[Result "1-0"]

1.e4 {Greetings!}  c6 {hello}  2.d3 {Hi from 
http://www.baldrick.smartemail.co.uk
}  d6 {hi and good luck}  3.Nf3 Bg4 4.Nbd2 e5 5.g3 
Be7 6.Bg2 Nd7 7.O-O Qc7 8.h3 Bh5 9.g4 Bg6 10.Nc4 
b5 11.Ne3 f6 12.Nh2 Bf7 13.f4 exf4 14.Rxf4 d5 
15.Nf5 dxe4 16.Rxe4 g6 17.Nxe7 Nxe7 18.Qe2 Qd8 
19.Bh6 Bd5 20.Re1 Bxe4 21.Qxe4 Rc8 22.Qe6 Nb6 
23.Qxf6 Kd7 24.Qe6+ Kc7 25.Qxe7+ Qd7 26.Bf4+ Kb7 
27.Qxd7+ Nxd7 28.Re7 Rcd8 29.Nf3 Kc8 30.Ng5 Rde8 
31.Rxe8+ Rxe8 32.Bxc6 Re1+ 33.Kf2 Rb1 34.b3 Rb2 
35.Bxb5 Rxc2+ 36.Kf3 Rxa2 37.Nxh7 Rb2 38.Bc4 Nc5 
39.Nf8 Nxb3 40.h4 a5 41.Nxg6 a4 42.h5 a3 43.h6 a2 
44.h7 a1Q 45.h8Q+ Kb7 46.Qb8+ Kc6 
47.Qc7+ 1-0

[Event "HCL-B3845"]
[Site "www.playchess.de"]
[Date "2006.03.18"]
[Round "7"]
[White "taroak"]
[Black "yeyo"]
[WhiteElo "1375"]
[BlackElo "1210"]
[PlyCount "53"]
[Result "1-0"]

1.d4 d5 {Hello and good luck!}  2.Nc3 Nf6 3.Bg5 
Nbd7 4.Qd2 e6 5.O-O-O Be7 6.f3 O-O 7.e4 c6 8.Bd3 
Ne8 9.Bxe7 Qxe7 10.Nh3 a6 11.e5 b5 12.f4 f6 
13.Rdf1 f5 14.Nf2 Nb6 15.g4 Qb4 16.gxf5 exf5 
17.Rhg1 Na4 18.Nxa4 Qxa4 19.Kb1 Qxd4 20.Nh3 g6 
21.Ng5 h6 22.Nf3 Qb6 23.Rxg6+ Kh7 24.Rfg1 Nc7 
25.R6g7+ Kh8 26.Qg2 Be6 27.Qg6 1-0

[Event "HCL-A2646"]
[Site "www.playchess.de"]
[Date "2006.03.18"]
[Round "8"]
[White "Josef1901"]
[Black "scaper"]
[WhiteElo "1571"]
[BlackElo "1528"]
[PlyCount "48"]
[Result "0-1"]

1.d4 Nf6 2.c4 e6 3.Nf3 d5 4.Bg5 Bb4+ 5.Nc3 dxc4 
6.e4 b5 7.e5 h6 8.Bh4 g5 9.Nxg5 hxg5 10.Bxg5 Nbd7 
11.exf6 Bb7 12.a3 Ba5 13.f3 Nxf6 14.Kf2 Ng4+ 
15.fxg4 Qxg5 16.Be2 Bb6 17.Bf3 Rd8 18.Ne2 Bxf3 
19.gxf3 Qh4+ 20.Kf1 c5 21.a4 Qh3+ 22.Kf2 cxd4 
23.Ng3 d3+ 24.Ke1 Qg2 0-1

[Event "HCL-B3913"]
[Site "www.playchess.de"]
[Date "2006.03.18"]
[Round "10"]
[White "Prasad_lko"]
[Black "sadam"]
[WhiteElo "1676"]
[BlackElo "1500"]
[PlyCount "41"]
[Result "1-0"]

1.e4 e5 2.Nf3 Nc6 3.Bc4 Nf6 4.Ng5 d5 5.exd5 Na5 
6.Bb5+ c6 7.dxc6 bxc6 8.Ba4 h6 9.Nf3 Bd6 10.O-O 
O-O 11.b4 Bxb4 12.Nxe5 Bb7 13.Nd3 Bd6 14.Nc3 Qc7 
15.g3 a6 16.Bb2 g6 17.Qf3 Nh5 18.Ne4 c5 19.Qe3 c4 
20.Qd4 Bxe4 21.Qh8+ 1-0

[Event "HCL-M890"]
[Site "www.playchess.de"]
[Date "2006.03.18"]
[Round "8"]
[White "Eyechess"]
[Black "aldo"]
[WhiteElo "2026"]
[BlackElo "1833"]
[PlyCount "77"]
[Result "1-0"]

1.e4 {Greetings}  e5 2.Bc4 Nf6 3.d3 Nc6 4.Nc3 Bb4 
5.Nge2 d5 6.exd5 Nxd5 7.O-O Be6 8.Bxd5 Bxd5 9.f4 
exf4 10.Nxf4 Bxc3 11.bxc3 O-O 12.c4 Be6 13.Be3 Qd6 
14.Qh5 b6 15.Rae1 Rae8 16.c3 Ne7 17.Nxe6 fxe6 
18.d4 Nf5 19.Bd2 g6 20.Qe2 c5 21.Bf4 Qd7 22.Be5 
Ne7 23.h3 Nc6 24.Rxf8+ Rxf8 25.dxc5 bxc5 26.Rd1 
Qc8 27.Bd6 Rf5 28.Qe3 Nd8 29.g4 Rf7 30.Qxc5 Qb7 
31.Qg5 Rd7 32.Qf6 Nf7 33.Qxe6 Rd8 34.c5 Qd7 
35.Qxd7 Rxd7 36.Rd4 Ng5 37.c6 Rd8 38.c7 Rc8 
39.Rb4 1-0

[Event "HCL-M896"]
[Site "www.playchess.de"]
[Date "2006.03.18"]
[Round "5"]
[White "Still_Life"]
[Black "anne_t"]
[WhiteElo "2084"]
[BlackElo "1980"]
[PlyCount "43"]
[Result "1/2-1/2"]

1.Nf3 {Pleased to meet you - enjoy the 
game!
From just east of Glasgow, Scotland.
Best Regards -- David Gillespie}  Nf6 {Nice to 
meet you on line. A fine match and greetings from 
the 'low lands':)}  2.c4 g6 3.d4 Bg7 4.g3 O-O 
5.Bg2 d6 6.O-O Nbd7 7.Nc3 e5 8.e4 c6 9.h3 Qb6 
10.c5 dxc5 11.dxe5 Ne8 12.e6 fxe6 13.Ng5 Ne5 14.f4 
Nf7 15.Nxf7 Bd4+ 16.Kh2 Rxf7 17.e5 Bxc3 18.bxc3 
Rd7 19.Qc2 Ng7 20.Be3 Nf5 21.Bf2 Qa5 22.Rfd1 
{(offering draw)}  1/2-1/2

[Event "HCL-M829"]
[Site "www.playchess.de"]
[Date "2006.03.18"]
[Round "10"]
[White "Bronislaw"]
[Black "ipakris"]
[WhiteElo "2189"]
[BlackElo "2216"]
[PlyCount "103"]
[Result "1/2-1/2"]

1.e4 {Hello! Nice to meet you! I'm from Bucharest, 
Romania. Have a nice game!}  e5 {Hi to you from 
Stockholm, Sweden.I hope for a good game.Good luck 
!}  2.Nf3 Nc6 3.Bc4 Bc5 4.d3 d6 5.c3 Nf6 6.Bb3 a6 
7.Nbd2 O-O 8.h3 Ba7 9.O-O h6 10.Nc4 Be6 11.Re1 Re8 
12.a4 b5 13.Ne3 d5 14.exd5 Nxd5 15.Nxd5 Bxd5 
16.Bxd5 Qxd5 17.Be3 Bxe3 18.Rxe3 b4 19.Qc2 Re6 
20.Rae1 Rae8 21.cxb4 Nxb4 22.Qc3 Nc6 23.b4 f5 
24.R3e2 R8e7 25.Qc4 Qxc4 26.dxc4 e4 27.b5 Kf7 
28.Nh4 Nd4 29.Rd2 Nb3 30.Rb2 Nd4 31.Rd1 Rd6 
32.Rxd4 Rxd4 33.Nxf5 Rd1+ 34.Kh2 Re5 35.Ne3 
{(offering draw)}  Ra1 {Not yet, dynamic 
position...;-)}  36.Nd5 {I wish you Happy New Year 
and a lot of luck!}  Rxa4 37.Nxc7 axb5 38.cxb5 Ra7 
39.b6 Rb7 40.Kg3 Rf5 41.h4 Rf6 42.Nd5 Rd6 43.Rb5 
Ke6 44.Nf4+ Kd7 45.Rb4 e3 46.fxe3 Rbxb6 47.Rxb6 
Rxb6 48.Kf3 Rb5 49.h5 Ke7 50.Ke4 Kf6 51.g3 Kg5 
52.Kf3 {(offering draw)}  1/2-1/2

[Event "HCL-A2618"]
[Site "www.playchess.de"]
[Date "2006.03.18"]
[Round "4"]
[White "Bubuchess"]
[Black "foinaven"]
[WhiteElo "1600"]
[BlackElo "1419"]
[PlyCount "24"]
[Result "0-1"]

1.e4 c5 {Hi Bruno! Where in France?}  2.Nf3 Nc6 
3.d4 cxd4 4.Nxd4 Nf6 5.Nc3 e5 6.Ndb5 d6 7.Bg5 a6 
8.Na3 b5 9.Bxf6 {I live near Marseille}  gxf6 
{Nice and warm!}  10.Nd5 f5 11.Bd3 Be6 12.O-O 
f4 0-1

[Event "HCL-B3895"]
[Site "www.playchess.de"]
[Date "2006.03.18"]
[Round "15"]
[White "DavidFields"]
[Black "payaso"]
[WhiteElo "1198"]
[BlackElo "1099"]
[PlyCount "71"]
[Result "1-0"]

1.d4 {hello again}  d5 {hi}  2.c4 dxc4 {never 
played an accepted queens gambit...}  3.e4 {most 
people do not accept.}  Nc6 {sure, it's not the 
best position for black, specialy in the 
centerfields}  4.d5 {I always like it though.More 
interesting than kings pawn openings.}  Ne5 5.f4 
Ng6 {in my opinion are 1.d4 and 1.c4 openings 
witch are harder to play (you can easier make 
mistakes) than 1.e4 or 1.Nf3}  6.Bxc4 {i agree}  
Nf6 7.Nd2 Nxf4 8.Ngf3 Bg4 9.O-O e6 10.Be2 Bc5+ 
11.Kh1 Nd3 12.Bxd3 O-O {holly shit...}  13.Qc2 {I 
am glad you also make mistakes.  :)}  Bb6 {i've 
seen a nice combination, Nd3 was one move to 
early}  14.dxe6 Bxe6 15.e5 Ng4 16.Nc4 Bxc4 17.Bxc4 
c6 18.h3 Nf2+ 19.Rxf2 Bxf2 20.Qxf2 Qd1+ 21.Kh2 
Rae8 22.Qe2 Qd7 23.b3 b5 24.Bd3 f6 25.Bb2 fxe5 
26.Nxe5 Qc7 27.Rc1 c5 28.Bxb5 Re7 29.Qh5 Rf2 
30.Be2 Qb7 31.Bf3 Qc7 32.Bd5+ Kh8 33.Kg1 Rf6 
34.Rf1 Rxf1+ 35.Kxf1 g6 36.Nxg6+ 1-0